000 00543nam a22002057a 4500
003 OSt
005 20170217174614.0
008 141111b xxu||||| |||| 00| 0 eng d
020 _a9780702043444
040 _cDNLM
082 _aWB460 T438s 2013
100 _aEdited by Porter, Stuart
_911609
245 _aTidy's Physiotherapy
250 _a15th ed.
260 _aLondon;
_bSaunders,
_c2013.
300 _axv, 668 p :
_bcol.ill ;
_c27 cm.
504 _aincludes references and Index.
650 _aPhysiotherapy
_91959
942 _2z
_cSLOAN
999 _c739
_d739